000
00225nam a22000857a 4500
008
170203b xxu||||| |||| 00| 0 eng d
100
_9
2761
_a
Der.H.V.
245
_a
Langenscheidt Handworker English
260
_a
New Delhi
_b
Goyal
_c
2005
999
_c
5951
_d
5951